Benelux football teams by badge - Statistics

General Stats
  • This quiz has been taken 56 times
  • The average score is 38 of 48
Answer Stats
Picture Answer % Correct
FC Utrecht
96%
PSV Eindhoven
94%
Anderlecht
92%
AZ Alkmaar
92%
KAA Gent
92%
PEC Zwolle
92%
ADO Den Haag
90%
Excelsior Rotterdam
90%
Fortuna Sittard
90%
KAS Eupen
90%
NEC Nijmegen
90%
SBV Vitesse
90%
Sparta Rotterdam
90%
AFC Ajax
88%
Club Brugge
88%
Feyenoord Rotterdam
88%
VVV-Venlo
88%
Beerschot
86%
Heracles Almelo
86%
FC Twente
84%
KV Oostende
84%
FC Emmen
82%
Groningen
82%
KRC Genk
82%
NAC Breda
82%
Royal Antwerp
82%
SC Heerenveen
82%
Go Ahead Eagles
80%
RKC Waalwijk
80%
Roda JC Kerkrade
80%
Cambuur
78%
Cercle Brugge KSV
78%
De Graafschap
78%
FC Volendam
78%
KV Mechelen
78%
Oud-Heverlee Leuven
78%
RFC Seraing
78%
Zulte Waregem
78%
FC Den Bosch
76%
Helmond Sport
76%
Royal Charleroi
73%
Union Saint-Gilloise
73%
Willem II
69%
Standard Liège
65%
KV Kortrijk
61%
KVC Westerlo
45%
F91 Dudelange
43%
Sint-Truidense VV
24%
No matching quizzes found
Score Distribution
Percent of People with Each Score
Percentile by Number Answered
Your Score History
You have not taken this quiz